Usos escolares de internet en adolescentes de sectores populares /

Gorde:
Xehetasun bibliografikoak
Egile nagusia: Basile, Diego
Beste egile batzuk: Linne, Joaquín
Formatua: Texto
Etiketak: Etiketa erantsi
Etiketarik gabe, Izan zaitez lehena erregistro honi etiketa jartzen!

MARC

LEADER 00000 a a2200000 04500
001 47351
003
040
100 |a Basile, Diego  
245 |a Usos escolares de internet en adolescentes de sectores populares /  |c Diego Basile 
700 |a Linne, Joaquín  
773 |g volumen22, número3, (2013), páginas 477-487  
999 |c 22709  |d 22709